00357nam a22001217a 4500008004100000020001500041050001900056100002200075245006000097260003800157300001700195700002300212120917t xxu||||| |||| 00| 0 eng d a2090338636 aPC 2129.E5 B45 aBoulares, Michele aGrammaire progressive: du francais. /cMichele Boulares aParis:bCle International,c1997. a32 p:c24cm. aFrerot, Jean-Louis